000 00763nam a2200241Ia 4500
003 OSt
005 20220918204517.0
006 a|||||r|||| 00| 0
007 ta
008 220917b |||||||| |||| 00| 0 eng d
024 _a113,036
037 _cTextual
040 _aARTS
_cARTS
_beng
041 _2eng
_aeng
082 _aV55;1:N3, 113J8
100 _aHeidegger Hermann
_9112230
245 0 _aDeutsche sozialdemokratie und der nationale staat 1870-1920
_b unter besonderer Beruckicksichtigung der kriegsund revolutionsjahre
260 _c1958
490 _aGottinger bausteine zur geschichtswissenschaft ed by Hubatsch; 25
650 _aHISTORY
942 _hV55;1:N3, 113J8
_cTEXL
_2CC
999 _c236370
_d236370